Normal view
MARC view
Entry Personal Name
001 - CONTROL NUMBER
- control field: 48665
003 - CONTROL NUMBER IDENTIFIER
- control field: ARRUPE
005 - DATE AND TIME OF LATEST TRANSACTION
- control field: 20191114100126.0
008 - FIXED-LENGTH DATA ELEMENTS
- fixed length control field: 191114|| aca||aabn | a|a d
040 ## - CATALOGING SOURCE
- Original cataloging agency: ARRUPE
- Transcribing agency: ARRUPE
100 ## - HEADING--PERSONAL NAME
- Personal name: Hedenquist, Jan-Anders
670 ## - SOURCE DATA FOUND
- Source citation: Work cat.: (ARRUPE): Hedenquist, Jan-Anders, Popular participation in rural development , 1989